Tous les présidents de la 3ème République - Statistiques

Statistiques générales
  • Ce quiz a été pris 425 fois
  • Le résultat moyen est 9 sur 14
Statistiques - réponses
Réponse % Correct
Adolphe Thiers
91%
Patrice de Mac Mahon
87%
Jules Grévy
75%
Sadi Carnot
72%
Felix Faure
66%
Raymond Poincaré
65%
Paul Doumer
58%
Paul Deschanel
57%
Albert Lebrun
55%
Gaston Doumergue
55%
Jean-Casimir Perier
54%
Alexandre Millerand
53%
Emile Loubet
52%
Armand Fallières
45%
Aucun quiz correspondant
Distribution des résultats
% des personnes avec chaque résultat
Percentile par nombre de réponses
Votre historique - résultats
Vous n’avez pas pris ce quiz